000 003920000a22001090004500
090 _aAs
_bSeriadas
245 1 0 _aRelación entre la arquitectura del árbol y el ambiente donde crese con un ejemplo de bosques secundarios en Araracuara, Caqueta
041 0 _aEspañol
100 1 _aVester , H. F.
_999833
942 _cARTICULO
773 1 _tCrónica Forestal y del Medio Ambiente
_h10
_q121-133
_d1995
999 _c15569
_d15569